000 00496nam a2200181Ia 4500
005 20250508152300.0
008 008 250505s9999 xx 000 0 eng d
037 _aTextual
040 _aFEDL
_beng
_cFEDL
041 _aeng
_2eng
084 _a917.98, TOM
_qFEDL
100 _aTompkins Stuart R
_9761149
245 0 _aLet's read about: Alaska
260 _aMichigan
_bThe Fideler Company
_c1955
300 _a112p.
942 _cTEXL
_h917.98, TOM
999 _c1335489
_d1335489